Education as Tool for the Development of Creative Industries in Slovakia

Úloha vzdelávania vo vývoji kreatívneho priemyslu na Slovensku.

Enregistré dans:
Détails bibliographiques
Auteur principal: Šipikal, Miroslav, 1976-
Autres auteurs: Szitásiová, Valéria, 1987-
Format: Chapitre de livre
Langue:anglais
Sujets:
Tags: Ajouter un tag
Pas de tags, Soyez le premier à ajouter un tag!

MARC

LEADER 00000nla a2200000 4500
001 0200785
005 20240502073408.6
041 0 |a eng 
044 |a SK 
245 1 0 |a Education as Tool for the Development of Creative Industries in Slovakia  |c Miroslav Šipikal, Valéria Szitásiová 
520 |a Úloha vzdelávania vo vývoji kreatívneho priemyslu na Slovensku. 
610 2 0 |a vzdelávanie 
610 2 0 |a priemysel kreatívny 
100 1 |a Šipikal, Miroslav, 1976- 
700 1 |a Szitásiová, Valéria, 1987-